• 首页
  • 本馆介绍
  • 公告通知
  • 最新文献
  • 馆藏检索
  • 电子资源
  • 读者导购
  • 参考咨询
  • 我的图书馆
  • 登录
  • 详细信息显示
  • 放入我的书架
  • 预约/预借图书
  • 作者相关作品
  • 分类相关作品
  • 丛书相关作品
  • 出版社相关作品

书目信息

  • 表格格式
  • 工作单格式
  • 卡片格式
题名:
治大国
    
 
作者: 熊逸 著
分册:  
出版信息: 北京   北京联合出版公司  2020
页数: 336页
开本: 22cm
丛书名: 中国思想史系列
单 册:
中图分类: D90-053 , D90
科图分类:
主题词: 法伦理学--研究--中国--古代
电子资源:
ISBN: 978-7-5596-3891-5
000 00737oam2 2200253 450
001 2041265254
005 20201129112817.38
010    @a978-7-5596-3891-5@dCNY68.00
100    @a20200615d2020 em y0chiy50 ea
101 0  @achi
102    @aCN@b110000
105    @ay z 000yy
200 1  @a治大国@9zhi da guo@b专著@e古代中国的正义两难@f熊逸著
210    @a北京@c北京联合出版公司@d2020
215    @a336页@d22cm
225 2  @a中国思想史系列
461  0 @12001 @a中国思想史系列
517 1  @a古代中国的正义两难@9gu dai zhong guo de zheng yi liang nan
606 0  @a法伦理学@x研究@y中国@z古代
690    @aD90-053@v5
690    @aD90@v4
701  0 @a熊逸@9xiong yi@4著
801  2 @aCN@b58marc.cn@c20200629
905    @aZUCC@dD90@e22
    
    治大国:古代中国的正义两难/熊逸著.-北京:北京联合出版公司,2020
    336页;22cm.-(中国思想史系列)
    
    
    ISBN 978-7-5596-3891-5:CNY68.00
    
●
相关链接 在五车中查询图书 在当当中查询图书 在豆瓣中查询图书


正题名:治大国     索取号:D90/22         预约/预借

序号 登录号 条形码 馆藏地/架位号 状态 备注
1 873126   2000873126   第二书库/ [索取号:D90/22] 在馆    
2 873127   2000873127   第二书库/ [索取号:D90/22] 在馆    
3 873128   200873128   第二书库/ [索取号:D90/22] 在馆    
山东省滨州职业学院图书馆 欢迎您!
大连网信软件有限公司© 版权所有